|
|
|
|
| LEADER |
00634nab a2200181 i 4500 |
| 001 |
acta35638 |
| 005 |
20210722122817.0 |
| 008 |
161017s1992 hu o 0|| hun d |
| 022 |
|
|
|a 0865-5960
|
| 040 |
|
|
|a SZTE Egyetemi Kiadványok Repozitórium
|b hun
|
| 041 |
|
|
|a hun
|
| 100 |
2 |
|
|a Cs. Jónás Erzsébet
|
| 245 |
1 |
0 |
|a Gondolatok a dialógus mint szövegtípus vizsgálatai kapcsán
|h [elektronikus dokumentum] /
|c Cs. Jónás Erzsébet
|
| 260 |
|
|
|c 1992
|
| 300 |
|
|
|a 129-133
|
| 490 |
0 |
|
|a Szemiotikai szövegtan
|
| 695 |
|
|
|a Szemiotika, Szövegtan
|
| 856 |
4 |
0 |
|u http://acta.bibl.u-szeged.hu/35638/1/szemiotikai_005_129-133.pdf
|z Dokumentum-elérés
|